000 00829cam a2200265 a 4500
001 000005280
005 20200929151629.0
008 790827s1994 sp b 000 1 spa
020 _a8437601509
040 _aDO-SdBNP
_bspa
_cBNPHU
082 _a863.64
_bM445f, 1994
100 1 _aMatute, Ana María,
_d1926-
_94724
245 1 0 _aFiesta al noroeste /
_cAna María Matute ; edición de José Mas.
250 _a6a ed.
260 _aMadrid :
_bCátedra,
_c1994.
300 _a164 p. ;
_c18 cm.
490 1 _aLetras hispánicas
_v81
650 4 _aNovela española
_91123
650 4 _aLiteratura española
_9632
600 1 4 _aMATUTE, ANA MARÍA,
_d1926-
_xCRÍTICA E INTERPRETACIÓN
_915039
700 1 _aMas, José,
_eed.
_915019
830 0 _aLetras hispánicas ;
_v81
_94208
910 _aCatalogación derivada
910 _aWM
999 _c5081
_d5081